Movies Quiz

Random Movies or Actress Quiz

Holy Oscar Winners Batman! Quiz Stats

 Plays Quiz Updated Mar 5, 2018

Challenge
Share
Tweet
Embed
Score 0/18 Timer 03:00
5 Plays Today
Actor/Actress % Correct
Christian Bale ('Batman', Batman Begins)
85.7%
Jack Nicholson ('The Joker', Batman)
80.3%
Heath Ledger ('The Joker', The Dark Knight)
77.7%
George Clooney ('Batman', Batman & Robin)
76%
Michael Caine ('Alfred', Batman Begins)
68.4%
Morgan Freeman ('Lucius Fox', Batman Begins)
58.4%
Tommy Lee Jones ('Two-Face', Batman Forever)
52.7%
Anne Hathaway ('Selina', The Dark Knight Rises)
52%
Gary Oldman ('Commissioner Gordon', The Dark Knight, The Dark Knight Rises)
49.7%
Actor/Actress % Correct
Michael Keaton ('Batman', Batman, Batman Returns)
44.7%
Nicole Kidman ('Dr. Chase Meridian', Batman Forever)
44.5%
Ben Affleck ('Batman', Batman v Superman)
41.3%
Kim Basinger ('Vicki Vale', Batman)
39.3%
Christopher Walken ('Max Shreck', Batman Returns)
31.2%
Marion Cotillard ('Miranda Tate', The Dark Knight Rises)
27%
Jeremy Irons ('Alfred', Batman v Superman)
18%
Jack Palance ('Carl Grissom', Batman)
11.6%
Holly Hunter ('Senator Finch', Batman v Superman)
7.5%

You're not logged in!

Compare scores with friends on all Sporcle quizzes.
OR
Log In

You Might Also Like...

Show Comments

Extras

Top Quizzes Today


Score Distribution

Your Account Isn't Verified!

In order to create a playlist on Sporcle, you need to verify the email address you used during registration. Go to your Sporcle Settings to finish the process.

Report this User

Report this user for behavior that violates our Community Guidelines.

Details: